[Event "Nord West Cup 05th"]
[Site "Bad Zwischenahn"]
[Date "2003.??.??"]
[Round "4"]
[White "Carstens, Manfred"]
[Black "Stroecker, Uwe"]
[Result "1-0"]
[WhiteElo "1669"]
[BlackElo "1452"]
[PlyCount "44"]
[EventDate "2003.02.??"]
[EventType "swiss"]
[EventRounds "7"]
[EventCountry "GER"]
[SourceTitle "EXT 2004"]
[Source "ChessBase"]
[SourceDate "2003.11.25"]
[SourceVersion "1"]
[SourceVersionDate "2003.11.25"]
[SourceQuality "1"]

1. Nf3 g6 2. e4 Bg7 3. d4 d6 4. Be3 Nf6 5. Nc3 a6 6. h3 b5 7. a3 Bb7 8. Bd3 0-0 9. Qd2 Re8 10. Bh6 Bh8 11. Ng5 c5 12. f4 cxd4 13. Ne2 e5 14. Ng3 d5 15. 0-0-0 dxe4 16. N5xe4 Nxe4 17. Nxe4 f5 18. Ng5 e4 19. g4 e3 20. Qb4 Bxh1 21. Rxh1 Bg7 22. Qb3+ Kh8 1-0

[Event "Nord West Cup 05th"]
[Site "Bad Zwischenahn"]
[Date "2003.??.??"]
[Round "5"]
[White "Hubbermann, Guenter"]
[Black "Stroecker, Uwe"]
[Result "0-1"]
[WhiteElo "1092"]
[BlackElo "1452"]
[PlyCount "66"]
[EventDate "2003.02.??"]
[EventType "swiss"]
[EventRounds "7"]
[EventCountry "GER"]
[SourceTitle "EXT 2004"]
[Source "ChessBase"]
[SourceDate "2003.11.25"]
[SourceVersion "1"]
[SourceVersionDate "2003.11.25"]
[SourceQuality "1"]

1. e4 g6 2. d3 Bg7 3. Nf3 c5 4. Be3 Bxb2 5. Nbd2 b6 6. Rb1 Bg7 7. g3 Nc6 8. c4 d6 9. a3 Nd4 10. Bxd4 cxd4 11. a4 e5 12. h4 h5 13. Ng5 Nf6 14. f3 0-0 15. Bh3 Nh7 16. f4 Nxg5 17. fxg5 f5 18. exf5 Bxf5 19. Bxf5 Rxf5 20. Rf1 Qd7 21. Rxf5 Qxf5 22. Qf3 Qxf3 23. Nxf3 Rd8 24. Ra1 d5 25. Nd2 e4 26. dxe4 dxe4 27. Nxe4 Re8 28. Kd2 Rxe4 29. Re1 Rxe1 30. Kxe1 Kf7 31. a5 bxa5 32. c5 Ke6 33. c6 Kd6 0-1

[Event "Nord West Cup 05th"]
[Site "Bad Zwischenahn"]
[Date "2003.??.??"]
[Round "7"]
[White "Schermann, Sarah"]
[Black "Stroecker, Uwe"]
[Result "0-1"]
[WhiteElo "895"]
[BlackElo "1452"]
[PlyCount "64"]
[EventDate "2003.02.??"]
[EventType "swiss"]
[EventRounds "7"]
[EventCountry "GER"]
[SourceTitle "EXT 2004"]
[Source "ChessBase"]
[SourceDate "2003.11.25"]
[SourceVersion "1"]
[SourceVersionDate "2003.11.25"]
[SourceQuality "1"]

1. d4 g6 2. Nc3 Bg7 3. e4 d6 4. Nf3 c6 5. Bc4 b5 6. Bd3 Bb7 7. Bd2 a6 8. 0-0 Qb6 9. Be3 c5 10. d5 Nf6 11. h3 0-0 12. a4 b4 13. a5 Qc7 14. Nb1 e5 15. dxe6 fxe6 16. Ng5 Re8 17. c4 bxc3 18. Nxc3 d5 19. Ne2 Nxe4 20. Qc1 Nxg5 21. Bxg5 c4 22. Ra4 Bc6 23. Ra2 Bb5 24. Bb1 Nc6 25. Bd2 Qe5 26. Re1 Bf8 27. Nd4 Qxd4 28. Bc3 Qh4 29. Bc2 d4 30. Re4 Qh6 31. Qxh6 Bxh6 32. Bxd4 Nb4 0-1